1785 1649 1346 1183 1395 1093 1767 1674 1787 1793 1533 1869 1743 1454 1237 1825 1241 1374 1920 1091 1915 1004 1792 1154 1787 1451 1256 1030 1128 1832 1297 1388 1129 1126 1320 1364 1403 1917 1046 1774 1017 1151 1544 1272 1666 1038 1761 1501 1189 1940 1845 1745 1672 1443 1731 1550 1441 1021 1884 1659 1397 1512 1123 1047 1641 1824 1290 1734 1228 1679 1393 1708 1931 1820 1022 1364 1175 1577 1891 1613 1611 1017 1003 1862 1928 1192 1770 1154 1629 1515 1453 1070 1757 1928 1271 1178 1977 1783 1947 BCNSPRNW ULIB Ver.6.0+V

เปลี่ยนเป็นภาษาไทย

Change to English
 แสดงรายละเอียดบรรณานุกรม
  กลับหน้าหลัก

Brief Record : Get Marc (ISO 2709) : E-mail record : QR code < ปิดหน้าต่าง
LEADER : 00000nam 2200000uu 4500
001    13399112284
003     ULIB
008    110802s2550||||th 000 0 tha d
020    9740939887
050  4 HD66^bอ251ท 2550
100 0  อภิชัย ศรีเมือง
245 10 เทคนิคการจัดกิจกรรมพนักงาน/^cอภิชัย ศรีเมือง
260    กรุงเทพฯ :^bเอช อาร์ เซ็นเตอร์,^c2550
300    200 หน้า :^bภาพประกอบ
650  7 บริหาร
650  7 จัดการพนักงาน
945    ^p190^l0^i024953
945    ^p190^l0^i024954
995    ทศพร
999 ^a ทศพร
รายการนี้ยังไม่มีแท็ก
คุณยังไม่ได้ล็อกอิน คุณสามารถมีกิจกรรมร่วมกับเว็บไซต์ได้ แต่ต้องล็อกอินก่อน ::
  ล็อกอิน

รายการสื่อสารสนเทศ

ลำดับที่ ประเภท เลขเรียก/บาร์โค้ด สถานที่ สถานะ
1. การศึกษาทั่วไป
การศึกษาทั่วไป
HD66 อ251ท 2550 ฉ.2 
  Barcode: 024954
ห้องสมุดวิทยาเขตนครสวรรค์
►หนังสือทั่วไป:l:General Books
บนชั้น

รายการใกล้เคียง
    ผู้แต่ง [อภิชัย ศรีเมือง]

    หัวเรื่อง [บริหาร]
    หัวเรื่อง [จัดการพนักงาน]

BibComment


ยังไม่เคยถูกคอมเมนท์

คอมเมนท์ทรัพยากรรายการนี้
  คอมเมนท์: เทคนิคการจัดกิจกร..


 Copyright 2026. Bcnsprnw @Library